Name a Valid Megacity - Statistics

General Stats
  • This quiz has been taken 513 times
  • The average score is 14 of 15
Answer Stats
Hint # Answer % Correct
Is not in Asia 14 Lagos, Paris, Lima...
100%
Has hosted an Olympics 9 Tokyo, Beijing, Los Angeles...
100%
Has Population above 20 Million 13 Delhi, Seoul, Dhaka...
99%
Lies to the North of Mexico City 21 London, Cairo, Istanbul ...
98%
Is on Coast 21 Xiamen, Manila, New York City...
98%
Has more than one Word 6 Los Angeles, Buenos Aires, Rio de Janeiro...
94%
Has a Metro System of at least 200 km length 11 Moscow, Guangzhou, Mexico City..
94%
Is Located completely on Islands 6 Jakarta, Manila, London...
93%
With at least 50 Skyscrapers 8 Mumbai, Jakarta, Bangkok...
93%
Was once under the British Rule 13 New York City, Johannesburg, London...
93%
Has at least 30 Michelin Stars 7 Osaka, Paris, Tokyo...
92%
Is located in South Western Hemisphere 4 Buenos Aires, Sau Paulo, Lima...
91%
Is at least 200 kms away from sea 9 Kinshasa, Johannesburg, Lahore...
89%
Is located within 250 Kms of an International Border 13 Seoul, Dhaka, Karachi...
88%
Lies at an elevation of above 500 Meters 5 Johannesburg, Tehran, Hyderabad...
75%
No matching quizzes found
Score Distribution
Percent of People with Each Score
Percentile by Number Answered
Your Score History
You have not taken this quiz